00762nam a2200169 a 4500003000200000005001700002008004100019050003200060100002600092245015100118260009000269300004600359504004100405650004400446650004800490650005400538020250509100731.0970101s19uu xx 00 eng d aPHS JL 839.5.L37b.T37 2004 aTapia, Ryan Joseph D. aA Comparative study of the effectiveness of services rendered during elections of the Las Piñas Commission on Elections /cRyan Joseph D. Tapia. aLas Piñas City, Philippines :bSouthville International School and Colleges,c2004. a79 pages :bcolor illustrations ;c28 cm. aIncludes bibliographical references. aElectionszPhilippinesxAdministration. aLocal governmentzPhilippineszLas Piñas. aPhilippines. Commission on ElectionsxEvaluation.